000 00656nam a2200181 a 4500
001 BRCA_2112
005 20190320203655.0
008 120808s1991----mx-a---###---#000-0#spa-#
050 4 _aF1391.P8
_b.L43 55
_c1991
100 1 _aVázquez Benítez, José Alberto
_9273
245 1 0 _aLas capillas posas de Calpan
_cJosé Alberto Vázquez Benítez.
260 _aPuebla, México
_bGobierno del Estado de Puebla : Secretaría de Cultura : Comisión Puebla V Centenario
_c1991
300 _a31 p.
_bil.
_c21 cm.
440 0 _aLecturas Históricas de Puebla
_n55
_96396
504 _aBibliografía: p. 31
651 4 _aPuebla (México)
_xHistoria
_9409
942 _2lcc
_cB
999 _c1869
_d1869